Premier League Winning B Players - Statistics

General Stats
  • This quiz has been taken 17 times
  • The average score is 8 of 15
Answer Stats
Picture Answer % Correct
David Beckham
100%
Michael Ballack
76%
Mario Balotelli
71%
Gareth Barry
65%
Dennis Bergkamp
59%
Dimitar Berbatov
59%
Laurent Blanc
59%
Michy Batshuayi
59%
Henning Berg
53%
Fabien Barthez
47%
Wayne Bridge
47%
Asmir Begovic
41%
Wes Brown
41%
Juliano Belletti
35%
Luis Boa Morte
12%
No matching quizzes found
Score Distribution
Percent of People with Each Score
Percentile by Number Answered
Your Score History
You have not taken this quiz